| 000 | 00367 a2200169 4500 | ||
|---|---|---|---|
| 001 | 187241 | ||
| 020 | _a85-7153-177-3 | ||
| 040 | _cMagnum | ||
| 100 | _aGuimarães, Ronaldo | ||
| 240 | 1 | 0 |
_aPretérito quase perfeito _lpor |
| 245 | 1 | 0 | _aPretérito quase perfeito |
| 300 | _a155 | ||
| 362 | 0 | _a2004 | |
| 440 | 1 | _aRHJ | |
| 697 | _aLITERATURA GERAL | ||
| 942 | _cBK | ||
| 999 |
_c187241 _d187241 |
||